[Event "37. Copenhagen Open (Politiken Cup)"]
[Site "Elsinore"]
[Date "2015.07.25"]
[Round "1"]
[White "Kristoffersen, Haakon"]
[Black "Brondum, Eric"]
[Result "0-1"]
[WhiteElo "1692"]
[BlackElo "2114"]
[PlyCount "58"]
[EventDate "2015.07.25"]
[EventType "swiss"]
[EventRounds "10"]
[EventCountry "DEN"]
[Source "ChessBase"]
[SourceDate "2015.09.14"]

1. e4 g6 2. d4 Bg7 3. Nf3 d6 4. h3 Nf6 5. Nc3 O-O 6. Bc4 Nxe4 7. Nxe4 d5 8.
Bxd5 Qxd5 9. Nc3 Qd8 10. O-O Nd7 11. Re1 Nf6 12. Qe2 Re8 13. Bf4 c6 14. Ne4
Nxe4 15. Qxe4 Qb6 16. Qd3 Bf5 17. Qc3 h6 18. Be5 f6 19. Bf4 g5 20. Bg3 Bg6 21.
Qb3+ Qxb3 22. cxb3 Rad8 23. Rad1 Rd5 24. Rd2 Bh5 25. h4 Bxf3 26. gxf3 Kf7 27.
hxg5 hxg5 28. Kg2 Red8 29. Red1 e5 0-1

[Event "37. Copenhagen Open (Politiken Cup)"]
[Site "Elsinore"]
[Date "2015.07.25"]
[Round "1"]
[White "Kvisvik, Brede Alexander"]
[Black "Martinsson, Jonas"]
[Result "1/2-1/2"]
[WhiteElo "2304"]
[BlackElo "1845"]
[PlyCount "100"]
[EventDate "2015.07.25"]
[EventType "swiss"]
[EventRounds "10"]
[EventCountry "DEN"]
[Source "ChessBase"]
[SourceDate "2015.09.14"]

1. Nf3 c5 2. e4 d6 3. d4 cxd4 4. Nxd4 Nf6 5. Bd3 g6 6. O-O Bg7 7. c4 O-O 8. Nc3
a6 9. h3 Ng4 10. Be2 Ne5 11. Be3 Nbc6 12. Nb3 Be6 13. Nd5 Bxd5 14. cxd5 Na5 15.
Nd2 Rc8 16. Rc1 Qd7 17. b3 Rxc1 18. Qxc1 Rc8 19. Qe1 Qc7 20. f4 Qc3 21. Qg3 Nd3
22. e5 dxe5 23. fxe5 Nxe5 24. Qf4 Qc7 25. Kh1 b5 26. Bd4 f6 27. Ne4 Nb7 28. a4
f5 29. Ng5 Nd8 30. axb5 axb5 31. Bxb5 h6 32. Ne6 Nxe6 33. dxe6 Qb8 34. Bd7 Rc2
35. b4 Qb7 36. Rf2 Rxf2 37. Qxf2 Nxd7 38. exd7 Qxd7 39. Bxg7 Kxg7 40. Qb2+ Kf7
41. b5 Qd1+ 42. Kh2 Qd6+ 43. Kh1 Qb6 44. Qe5 e6 45. Kh2 g5 46. Kh1 h5 47. Qh8
Kg6 48. Qe8+ Kh6 49. Qh8+ Kg6 50. Qe8+ Kh6 1/2-1/2

[Event "37. Copenhagen Open (Politiken Cup)"]
[Site "Elsinore"]
[Date "2015.07.25"]
[Round "1"]
[White "Langvik, Ulrikke"]
[Black "Fabrin, Morten"]
[Result "0-1"]
[WhiteElo "1405"]
[BlackElo "2009"]
[PlyCount "52"]
[EventDate "2015.07.25"]
[EventType "swiss"]
[EventRounds "10"]
[EventCountry "DEN"]
[Source "ChessBase"]
[SourceDate "2015.09.14"]

1. e4 c5 2. Nf3 e6 3. Nc3 a6 4. d4 cxd4 5. Nxd4 Qc7 6. Be3 Bb4 7. Qd2 Nf6 8.
Bd3 d5 9. f3 e5 10. Nf5 Bxf5 11. O-O d4 12. Nb5 Qc5 13. Nc7+ Kd8 14. c3 Qxc7
15. cxb4 dxe3 16. Qxe3 Bg6 17. Rac1 Nc6 18. a4 Qd7 19. Rfd1 Nd4 20. f4 Rc8 21.
Rxc8+ Kxc8 22. fxe5 Ng4 23. Qf4 Qe6 24. h3 Nxe5 25. Bxa6 Rd8 26. Qc1+ Kb8 0-1

[Event "37. Copenhagen Open (Politiken Cup)"]
[Site "Elsinore"]
[Date "2015.07.25"]
[Round "1"]
[White "Larsen, Arne Walther"]
[Black "Schmidt, Kristen"]
[Result "0-1"]
[WhiteElo "1824"]
[BlackElo "2254"]
[PlyCount "64"]
[EventDate "2015.07.25"]
[EventType "swiss"]
[EventRounds "10"]
[EventCountry "DEN"]
[Source "ChessBase"]
[SourceDate "2015.09.14"]

1. Nf3 c5 2. g3 Nc6 3. Bg2 Nf6 4. d3 d5 5. O-O e5 6. Nbd2 Be7 7. c3 O-O 8. e4
d4 9. c4 Ne8 10. a3 a6 11. b4 cxb4 12. axb4 Bxb4 13. Ba3 Bxa3 14. Rxa3 Nd6 15.
Ne1 Qe7 16. Rb3 b5 17. cxb5 axb5 18. f4 Be6 19. Rb1 f6 20. Nef3 Ra3 21. Nh4
Rxd3 22. Nf5 Bxf5 23. exf5 e4 24. Qc2 Rc3 25. Qa2+ Kh8 26. Qd5 e3 27. Ne4 Nxe4
28. Bxe4 Re8 29. Ra1 h6 30. Qe6 Qd8 31. Bxc6 Rxe6 32. Ra8 Qxa8 0-1

[Event "37. Copenhagen Open (Politiken Cup)"]
[Site "Elsinore"]
[Date "2015.07.25"]
[Round "1"]
[White "Haagen Larsen, Hans"]
[Black "Merkesvik, Sondre"]
[Result "0-1"]
[WhiteElo "1714"]
[BlackElo "2130"]
[PlyCount "100"]
[EventDate "2015.07.25"]
[EventType "swiss"]
[EventRounds "10"]
[EventCountry "DEN"]
[Source "ChessBase"]
[SourceDate "2015.09.14"]

1. d4 Nf6 2. Bf4 d5 3. e3 g6 4. Nd2 Bg7 5. Bd3 c5 6. c3 Nc6 7. h3 O-O 8. Ngf3
Nd7 9. O-O e5 10. dxe5 Ndxe5 11. Nxe5 Nxe5 12. Nf3 Nxd3 13. Qxd3 Bf5 14. Qb5
Qe7 15. Rfd1 Rfd8 16. a4 h6 17. a5 g5 18. Bh2 Be4 19. Nd2 Bc2 20. Re1 Rac8 21.
Rac1 Bf5 22. f3 Be5 23. f4 Bb8 24. Qe2 f6 25. Qh5 Kg7 26. Kh1 Rc6 27. Qf3 Be4
28. Nxe4 Qxe4 29. Qxe4 dxe4 30. Red1 Rcd6 31. Rxd6 Bxd6 32. fxg5 hxg5 33. Rd1
Bc7 34. Rxd8 Bxd8 35. Bd6 c4 36. Bb4 a6 37. g4 Kf7 38. Kg2 Ke6 39. Kf2 Kd5 40.
Ke2 Kc6 41. Kd2 Kb5 42. Kc2 Ka4 43. Kd2 Kb3 44. Kc1 b6 45. axb6 Bxb6 46. Kd2
Kxb2 47. Be7 a5 48. Bxf6 a4 49. Be7 a3 50. Bxa3+ Kxa3 0-1

[Event "37. Copenhagen Open (Politiken Cup)"]
[Site "Elsinore"]
[Date "2015.07.25"]
[Round "1"]
[White "Larsen, Preben R"]
[Black "Fossan, Petter"]
[Result "0-1"]
[WhiteElo "1808"]
[BlackElo "2308"]
[PlyCount "63"]
[EventDate "2015.07.25"]
[EventType "swiss"]
[EventRounds "10"]
[EventCountry "DEN"]
[Source "ChessBase"]
[SourceDate "2015.09.14"]

1. c4 e5 2. Nc3 Nc6 3. Nf3 Bc5 4. a3 a5 5. e3 d6 6. d4 exd4 7. exd4 Ba7 8. Bg5
f6 9. Be3 Nge7 10. d5 Bxe3 11. fxe3 Ne5 12. Nxe5 fxe5 13. Bd3 O-O 14. Rf1 Bf5
15. Qe2 Qe8 16. O-O-O Qg6 17. g4 Bxd3 18. Rxf8+ Rxf8 19. Rxd3 Nc8 20. h3 Qh6
21. Qg2 Nb6 22. b3 Qh4 23. Nd1 a4 24. Kc2 axb3+ 25. Kxb3 Qe1 26. Qd2 Qf1 27. e4
Ra8 28. Nb2 Nd7 29. Qd1 Nc5+ 30. Ka2 Qg2 31. Qf3 Qc2 32. Qf5 0-1

[Event "37. Copenhagen Open (Politiken Cup)"]
[Site "Elsinore"]
[Date "2015.07.25"]
[Round "1"]
[White "Larsen, Steen"]
[Black "Rolvag, Birk Anders"]
[Result "0-1"]
[WhiteElo "1141"]
[BlackElo "1970"]
[PlyCount "34"]
[EventDate "2015.07.25"]
[EventType "swiss"]
[EventRounds "10"]
[EventCountry "DEN"]
[Source "ChessBase"]
[SourceDate "2015.09.14"]

1. c4 e5 2. e3 Nc6 3. Nc3 g6 4. d4 exd4 5. exd4 d6 6. a3 Bg7 7. Be3 Nge7 8. Nd5
O-O 9. Nf3 Re8 10. b4 Bg4 11. Be2 Bxf3 12. gxf3 Nf5 13. Bg5 Qxg5 14. Nxc7 Ncxd4
15. Nxe8 Rxe8 16. Ra2 Qg2 17. Rf1 Nxf3# 0-1

[Event "37. Copenhagen Open (Politiken Cup)"]
[Site "Elsinore"]
[Date "2015.07.25"]
[Round "1"]
[White "Lauritsen, Martin Lee"]
[Black "Madsen, Dennis"]
[Result "1-0"]
[WhiteElo "2102"]
[BlackElo "1678"]
[PlyCount "47"]
[EventDate "2015.07.25"]
[EventType "swiss"]
[EventRounds "10"]
[EventCountry "DEN"]
[Source "ChessBase"]
[SourceDate "2015.09.14"]

1. e4 d5 2. exd5 Nf6 3. d4 Nxd5 4. c4 Nb4 5. Qa4+ N8c6 6. d5 b5 7. cxb5 Nd4 8.
Na3 Qxd5 9. Qxb4 Qe4+ 10. Kd1 e5 11. Qc3 Bb7 12. f3 Qd5 13. Bd2 Be7 14. Bd3 O-O
15. Be4 Nxb5 16. Qa5 Qd4 17. Nxb5 Qf2 18. Bxb7 Rad8 19. Kc2 Bg5 20. Rd1 Qc5+
21. Kb1 Qf2 22. Nh3 Bxd2 23. Nxf2 Bxa5 24. Rxd8 1-0

[Event "37. Copenhagen Open (Politiken Cup)"]
[Site "Elsinore"]
[Date "2015.07.25"]
[Round "1"]
[White "Lien, Kjell Hakon"]
[Black "Huse, Sigurd Kjelsbol"]
[Result "1-0"]
[WhiteElo "2133"]
[BlackElo "1715"]
[PlyCount "115"]
[EventDate "2015.07.25"]
[EventType "swiss"]
[EventRounds "10"]
[EventCountry "DEN"]
[Source "ChessBase"]
[SourceDate "2015.09.14"]

1. Nf3 d5 2. g3 Bf5 3. Bg2 Nf6 4. c4 c6 5. b3 g6 6. Bb2 Bg7 7. O-O O-O 8. d4
Qb6 9. Nfd2 Nbd7 10. e3 Bd3 11. c5 Qc7 12. Re1 Bxb1 13. Rxb1 e5 14. dxe5 Nxe5
15. Nf3 Nxf3+ 16. Qxf3 Ne4 17. Bxg7 Kxg7 18. Qd1 Qe5 19. Rc1 f5 20. Qc2 Rae8
21. Red1 Rf7 22. Rd3 Rfe7 23. b4 Qc7 24. b5 Qa5 25. Qb2+ Kf7 26. Ra3 Qxb5 27.
Qxb5 cxb5 28. Rxa7 Rc8 29. Ra5 b6 30. Rxb5 bxc5 31. Bxe4 dxe4 32. Rcxc5 Rxc5
33. Rxc5 Ra7 34. Rc2 h5 35. Kf1 Ra6 36. Ke2 Ke6 37. Kd2 Kd5 38. Kc3 Kc5 39.
Kb3+ Kb5 40. Rd2 Kc5 41. a4 Rb6+ 42. Kc3 Ra6 43. Ra2 Ra5 44. h4 Kb6 45. Kb4 Rd5
46. Rc2 Rd1 47. a5+ Kb7 48. Kb5 Rb1+ 49. Kc5 Ra1 50. Rb2+ Kc7 51. Kb5 Kb7 52.
Rd2 Rb1+ 53. Kc5 Kc7 54. Ra2 Rb7 55. a6 Ra7 56. Kd5 Kd7 57. Ke5 Ke7 58. Ra1 1-0

[Event "37. Copenhagen Open (Politiken Cup)"]
[Site "Elsinore"]
[Date "2015.07.25"]
[Round "1"]
[White "Lobersli, Henrik Oie"]
[Black "Fjallheim, Leif Reinert"]
[Result "1-0"]
[WhiteElo "2034"]
[BlackElo "1530"]
[PlyCount "107"]
[EventDate "2015.07.25"]
[EventType "swiss"]
[EventRounds "10"]
[EventCountry "DEN"]
[Source "ChessBase"]
[SourceDate "2015.09.14"]

1. e4 e5 2. Nf3 Nc6 3. Bb5 Bc5 4. O-O Nf6 5. c3 Nxe4 6. Qe2 Bxf2+ 7. Rxf2 Nxf2
8. Qxf2 d6 9. d4 f6 10. Nbd2 O-O 11. Nf1 Ne7 12. Ng3 c6 13. Ba4 Be6 14. Bc2 g6
15. b3 Qa5 16. Bd2 Qc7 17. Ne4 b6 18. Qh4 g5 19. Nexg5 Nf5 20. Nxe6 Nxh4 21.
Nxc7 Nxf3+ 22. gxf3 Rac8 23. Na6 c5 24. Bf5 Rce8 25. Nc7 Re7 26. Nd5 Rb7 27.
Bh6 Rd8 28. dxc5 dxc5 29. c4 b5 30. Nxf6+ Kf7 31. Be4 Rb6 32. Ng4 Re8 33. Rd1
bxc4 34. bxc4 Ke7 35. Be3 Rc8 36. Rd5 h5 37. Nxe5 Rg8+ 38. Kf2 Rb2+ 39. Rd2
Rxd2+ 40. Bxd2 a5 41. Bxa5 h4 42. Ng6+ Kf6 43. Nxh4 Ra8 44. Bxa8 Kg5 45. Kg3
Kh5 46. Bd8 Kh6 47. Bf6 Kh5 48. Be4 Kh6 49. a4 Kh5 50. a5 Kh6 51. a6 Kh5 52. a7
Kh6 53. a8=Q Kh5 54. Qh8# 1-0

[Event "37. Copenhagen Open (Politiken Cup)"]
[Site "Elsinore"]
[Date "2015.07.25"]
[Round "1"]
[White "Loveid, Erik"]
[Black "Hansson, Fredrik"]
[Result "0-1"]
[WhiteElo "1559"]
[BlackElo "2036"]
[PlyCount "102"]
[EventDate "2015.07.25"]
[EventType "swiss"]
[EventRounds "10"]
[EventCountry "DEN"]
[Source "ChessBase"]
[SourceDate "2015.09.14"]

1. Nf3 Nf6 2. d4 d5 3. c4 c6 4. cxd5 cxd5 5. Nc3 Nc6 6. Bf4 Bf5 7. e3 e6 8. Bb5
a6 9. Bxc6+ bxc6 10. Qa4 Qb6 11. O-O Be7 12. Nh4 Bd3 13. Rfd1 Bb5 14. Nxb5 cxb5
15. Qb3 O-O 16. Rdc1 Rfc8 17. Qd1 Qb7 18. Nf3 Ne4 19. Rxc8+ Rxc8 20. Rc1 f6 21.
Rxc8+ Qxc8 22. Nd2 Nxd2 23. Qxd2 Bb4 24. Qd1 Qc4 25. a3 Be7 26. b3 Qc3 27. a4
Kf8 28. axb5 axb5 29. g4 Ke8 30. h3 Kf7 31. Kg2 Ba3 32. Qb1 g6 33. Qa2 b4 34.
Bd6 e5 35. Bc5 Qd3 36. Kg1 g5 37. Kg2 Kg6 38. Kg1 Qd1+ 39. Kh2 h5 40. gxh5+
Kxh5 41. Kg2 Kh4 42. f4 Qe1 43. Qf2+ Qxf2+ 44. Kxf2 exf4 45. exf4 Kxh3 46. fxg5
fxg5 47. Bd6 g4 48. Be5 Bb2 49. Kg1 g3 50. Kf1 Bc1 51. Ke2 g2 0-1

[Event "37. Copenhagen Open (Politiken Cup)"]
[Site "Elsinore"]
[Date "2015.07.25"]
[Round "1"]
[White "Lund, Gunnar"]
[Black "Skjoldager, Per"]
[Result "1/2-1/2"]
[WhiteElo "1765"]
[BlackElo "2170"]
[PlyCount "99"]
[EventDate "2015.07.25"]
[EventType "swiss"]
[EventRounds "10"]
[EventCountry "DEN"]
[Source "ChessBase"]
[SourceDate "2015.09.14"]

1. e4 c6 2. d4 d5 3. exd5 cxd5 4. Bd3 Nc6 5. c3 Nf6 6. Nf3 Bg4 7. h3 Bh5 8. Bf4
e6 9. Nbd2 Bd6 10. Bxd6 Qxd6 11. Qe2 a6 12. g4 Bg6 13. O-O-O Rc8 14. Kb1 Qf4
15. Bxg6 hxg6 16. Ne5 Nxe5 17. dxe5 Nd7 18. Rde1 Nc5 19. h4 Na4 20. Qe3 Qxe3
21. Rxe3 Ke7 22. Nb3 Nb6 23. f4 Nc4 24. Reh3 Rh7 25. Kc2 Kd7 26. Nd4 Rch8 27.
b3 Na5 28. Nf3 f6 29. h5 Nc6 30. Nh4 Ne7 31. exf6 gxf6 32. Nxg6 Rg8 33. Nxe7
Kxe7 34. Rg1 Rhg7 35. h6 Rh7 36. Kd3 e5 37. fxe5 fxe5 38. c4 dxc4+ 39. Kxc4 Ke6
40. Rh5 Rg6 41. g5 Kf5 42. Kd3 Rd6+ 43. Ke3 Kg6 44. Rh2 Rhd7 45. Ke4 Rd4+ 46.
Kxe5 R7d5+ 47. Ke6 Rd8 48. Ke5 Rd3 49. Ke4 R8d4+ 50. Ke5 1/2-1/2

[Event "37. Copenhagen Open (Politiken Cup)"]
[Site "Elsinore"]
[Date "2015.07.25"]
[Round "1"]
[White "Machlik, Jon"]
[Black "Huse, Lars Paul"]
[Result "1-0"]
[WhiteElo "1973"]
[BlackElo "1170"]
[PlyCount "53"]
[EventDate "2015.07.25"]
[EventType "swiss"]
[EventRounds "10"]
[EventCountry "DEN"]
[Source "ChessBase"]
[SourceDate "2015.09.14"]

1. e4 e5 2. Nf3 Nc6 3. Bc4 d6 4. O-O Nf6 5. Ng5 d5 6. exd5 Nxd5 7. Nxf7 Kxf7 8.
Qf3+ Ke8 9. Bxd5 Qe7 10. Bxc6+ Kd8 11. Bxb7 Bxb7 12. Qxb7 Rc8 13. Re1 Qc5 14.
Nc3 Bd6 15. Ne4 Qa5 16. c3 Kd7 17. Nxd6 Kxd6 18. d4 Rb8 19. Qe4 Rhe8 20. dxe5+
Rxe5 21. Bf4 Rbe8 22. Rad1+ Ke6 23. Bxe5 Kf7 24. Rd7+ Re7 25. Qf5+ Ke8 26.
Rxe7+ Kxe7 27. Bxc7+ 1-0

[Event "37. Copenhagen Open (Politiken Cup)"]
[Site "Elsinore"]
[Date "2015.07.25"]
[Round "1"]
[White "Maesschalck, Vincent"]
[Black "Rolvag, Mikael"]
[Result "0-1"]
[WhiteElo "1784"]
[BlackElo "2193"]
[PlyCount "66"]
[EventDate "2015.07.25"]
[EventType "swiss"]
[EventRounds "10"]
[EventCountry "DEN"]
[Source "ChessBase"]
[SourceDate "2015.09.14"]

1. e4 e6 2. d4 d5 3. e5 c5 4. c3 Nc6 5. Be3 Qb6 6. Qb3 Nh6 7. Nf3 Nf5 8. Nbd2
cxd4 9. cxd4 Bd7 10. Rc1 Be7 11. Be2 O-O 12. O-O Rfc8 13. Kh1 Na5 14. Qxb6 axb6
15. g4 Nxe3 16. fxe3 b5 17. e4 Nc4 18. Bxc4 bxc4 19. a3 b5 20. exd5 exd5 21. h3
b4 22. axb4 Ra2 23. Ra1 Rca8 24. Rxa2 Rxa2 25. Rb1 h5 26. gxh5 Bxb4 27. Rg1
Rxb2 28. Nf1 Rb3 29. N1h2 c3 30. h6 c2 31. Rxg7+ Kh8 32. Ng5 c1=Q+ 33. Kg2
Bxh3+ 0-1

[Event "37. Copenhagen Open (Politiken Cup)"]
[Site "Elsinore"]
[Date "2015.07.25"]
[Round "1"]
[White "Marin, Mihail"]
[Black "Nielsen, Morten"]
[Result "1-0"]
[WhiteElo "2579"]
[BlackElo "1942"]
[PlyCount "71"]
[EventDate "2015.07.25"]
[EventType "swiss"]
[EventRounds "10"]
[EventCountry "DEN"]
[Source "ChessBase"]
[SourceDate "2015.09.14"]

1. c4 Nf6 2. Nc3 g6 3. e4 d6 4. d4 Bg7 5. Nf3 O-O 6. Be2 e5 7. O-O Nbd7 8. Qc2
Re8 9. Rd1 c6 10. d5 Qc7 11. Be3 Ng4 12. Bg5 f6 13. Bh4 Nh6 14. Nd2 g5 15. Bg3
Nf8 16. b4 f5 17. exf5 Nxf5 18. Nde4 h6 19. c5 dxc5 20. bxc5 Qa5 21. Nd6 Nxd6
22. cxd6 e4 23. dxc6 bxc6 24. Rac1 Bf5 25. Qd2 Qd8 26. Bc4+ Kh8 27. Bf7 Re5 28.
Bxe5 Bxe5 29. Qe3 Qf6 30. Nxe4 Qxf7 31. Nxg5 hxg5 32. Qxe5+ Kg8 33. Rc5 Bg6 34.
Rxc6 Qxa2 35. d7 Qa4 36. Rcd6 1-0

[Event "37. Copenhagen Open (Politiken Cup)"]
[Site "Elsinore"]
[Date "2015.07.25"]
[Round "1"]
[White "Maselli, Daniel"]
[Black "Nordenbaek, Jan"]
[Result "0-1"]
[WhiteElo "1717"]
[BlackElo "2134"]
[PlyCount "48"]
[EventDate "2015.07.25"]
[EventType "swiss"]
[EventRounds "10"]
[EventCountry "DEN"]
[Source "ChessBase"]
[SourceDate "2015.09.14"]

1. d4 d5 2. Nf3 Nf6 3. Bg5 c6 4. c3 Bf5 5. e3 e6 6. Bd3 Bxd3 7. Qxd3 Be7 8. O-O
O-O 9. Nbd2 Nbd7 10. Qc2 c5 11. Rfe1 Rc8 12. Re2 b5 13. a3 a5 14. Qd3 Re8 15.
Bxf6 Bxf6 16. e4 cxd4 17. Nxd4 Ne5 18. Qg3 b4 19. axb4 axb4 20. cxb4 Ng6 21. e5
Qb6 22. N2f3 Be7 23. b5 Rc4 24. Ra6 Qxd4 0-1

[Event "37. Copenhagen Open (Politiken Cup)"]
[Site "Elsinore"]
[Date "2015.07.25"]
[Round "1"]
[White "Maselli, David"]
[Black "Slettebo, Jan"]
[Result "0-1"]
[WhiteElo "1387"]
[BlackElo "2006"]
[PlyCount "102"]
[EventDate "2015.07.25"]
[EventType "swiss"]
[EventRounds "10"]
[EventCountry "DEN"]
[Source "ChessBase"]
[SourceDate "2015.09.14"]

1. d4 d5 2. Nc3 Nf6 3. Bg5 Bf5 4. Nf3 Ne4 5. e3 Nxg5 6. Nxg5 e6 7. Nf3 a6 8.
Bd3 Bg4 9. e4 Bb4 10. O-O O-O 11. a3 Ba5 12. exd5 exd5 13. h3 Bh5 14. Re1 Nc6
15. Be2 Bg6 16. Ne5 Nxe5 17. dxe5 d4 18. b4 dxc3 19. bxa5 Qd2 20. Qxd2 cxd2 21.
Red1 Rfd8 22. Ra2 Rd5 23. Bf3 Rxe5 24. Kf1 Rd8 25. c4 Bd3+ 26. Kg1 Re1+ 27. Kh2
Rxd1 28. Bxd1 Bxc4 29. Rb2 Bb5 30. a4 Bc6 31. Kg3 g6 32. f3 Rd4 33. Ra2 Bd5 34.
Rb2 c5 35. Rb1 Rb4 36. Rxb4 cxb4 37. Kf2 b3 38. Ke2 b2 39. Bc2 Ba2 40. Kxd2
b1=Q 41. Bxb1 Bxb1 42. Kc3 Kf8 43. Kc4 Bc2 44. Kc5 Bxa4 45. Kb6 Bc6 46. Kc5 Ke7
47. Kd4 Kf6 48. g3 Bxf3 49. Ke3 Bg2 50. h4 Ke5 51. Kd3 f5 0-1

[Event "37. Copenhagen Open (Politiken Cup)"]
[Site "Elsinore"]
[Date "2015.07.25"]
[Round "1"]
[White "Matthiesen, Martin"]
[Black "Maagaard, David Bille"]
[Result "1-0"]
[WhiteElo "2347"]
[BlackElo "1859"]
[PlyCount "65"]
[EventDate "2015.07.25"]
[EventType "swiss"]
[EventRounds "10"]
[EventCountry "DEN"]
[Source "ChessBase"]
[SourceDate "2015.09.14"]

1. d4 Nf6 2. c4 c6 3. Nf3 g6 4. Nc3 d5 5. e3 Bg7 6. Bd3 Nbd7 7. O-O O-O 8. Qc2
Re8 9. cxd5 Nxd5 10. Bc4 N7b6 11. Bb3 Bg4 12. Ne5 Be6 13. Nd3 Nd7 14. Na4 Bf5
15. Qe2 N5f6 16. Nc3 e5 17. dxe5 Nxe5 18. Nxe5 Rxe5 19. Rd1 Qc7 20. f3 Bh6 21.
e4 Bxc1 22. Raxc1 Rae8 23. Qf2 Bc8 24. Qxa7 Rh5 25. g3 Rg5 26. Kf2 Rh5 27. Kg2
Bh3+ 28. Kg1 Rg5 29. Kf2 Qe7 30. Qd4 h5 31. Qd6 Rc5 32. Qxe7 Rxe7 33. Nd5 1-0

[Event "37. Copenhagen Open (Politiken Cup)"]
[Site "Elsinore"]
[Date "2015.07.25"]
[Round "1"]
[White "Maze, Sebastien"]
[Black "Matras, Ove"]
[Result "1-0"]
[WhiteElo "2575"]
[BlackElo "1940"]
[PlyCount "71"]
[EventDate "2015.07.25"]
[EventType "swiss"]
[EventRounds "10"]
[EventCountry "DEN"]
[Source "ChessBase"]
[SourceDate "2015.09.14"]

1. e4 d5 2. exd5 Nf6 3. Nf3 Nxd5 4. d4 Bg4 5. Be2 Nd7 6. c4 N5f6 7. Qb3 Rb8 8.
Nc3 g6 9. h3 Bxf3 10. Bxf3 c6 11. Bf4 e5 12. Bg3 Bd6 13. O-O-O Qb6 14. Rhe1
Qxb3 15. axb3 Bb4 16. dxe5 Nh5 17. Bxh5 gxh5 18. e6 fxe6 19. Bxb8 Nxb8 20.
Rxe6+ Kf7 21. Rh6 Kg7 22. Rxh5 Re8 23. f3 Kg6 24. Rh4 h5 25. Re4 Rg8 26. Ne2
Kf7 27. g4 hxg4 28. fxg4 a5 29. h4 b5 30. Ng3 Na6 31. Rf1+ Kg7 32. Re6 Nc5 33.
Nh5+ Kh7 34. Rf7+ Rg7 35. Rxg7+ Kh8 36. Rh6# 1-0

[Event "37. Copenhagen Open (Politiken Cup)"]
[Site "Elsinore"]
[Date "2015.07.25"]
[Round "1"]
[White "McPhillips, Joseph"]
[Black "Berntsen Oybo, August"]
[Result "1-0"]
[WhiteElo "2191"]
[BlackElo "1777"]
[PlyCount "59"]
[EventDate "2015.07.25"]
[EventType "swiss"]
[EventRounds "10"]
[EventCountry "DEN"]
[Source "ChessBase"]
[SourceDate "2015.09.14"]

1. e4 c5 2. Nf3 Nc6 3. d4 cxd4 4. Nxd4 Nf6 5. Nc3 e5 6. Ndb5 d6 7. Bg5 a6 8.
Na3 b5 9. Nd5 Be7 10. Bxf6 Bxf6 11. c4 Qa5+ 12. Qd2 Qxd2+ 13. Kxd2 Bg5+ 14. Kd1
O-O 15. cxb5 Nd4 16. h4 Bh6 17. Ne7+ Kh8 18. Nxc8 Rfxc8 19. bxa6 Rc6 20. Rh3
Rac8 21. Rc3 Rxc3 22. bxc3 Rxc3 23. Rb1 Rc8 24. a7 Nc6 25. Ba6 Rd8 26. Nb5 d5
27. exd5 Rxd5+ 28. Ke1 Rd8 29. Bb7 Bd2+ 30. Kf1 1-0

[Event "37. Copenhagen Open (Politiken Cup)"]
[Site "Elsinore"]
[Date "2015.07.25"]
[Round "1"]
[White "Mehringer, Joerg"]
[Black "Berg Olsen, Sebastian N"]
[Result "1-0"]
[WhiteElo "1991"]
[BlackElo "1302"]
[PlyCount "87"]
[EventDate "2015.07.25"]
[EventType "swiss"]
[EventRounds "10"]
[EventCountry "DEN"]
[Source "ChessBase"]
[SourceDate "2015.09.14"]

1. e4 c5 2. g3 d6 3. Bg2 Nc6 4. Ne2 g6 5. O-O Bg7 6. c3 Nf6 7. d4 Qc7 8. dxc5
dxc5 9. Be3 b6 10. Na3 a6 11. Nf4 Ne5 12. Nd5 Qd6 13. h3 Nxd5 14. exd5 Ra7 15.
f4 Nd7 16. Qa4 Qb8 17. Rad1 O-O 18. Qb3 b5 19. c4 b4 20. Nc2 a5 21. Bc1 Ba6 22.
Qd3 a4 23. b3 axb3 24. axb3 Bc8 25. Be3 Ra2 26. Rf2 Qd6 27. Ne1 Rxf2 28. Bxf2
Bb7 29. h4 Ra8 30. Bh3 Nf6 31. Nf3 Ra7 32. Rd2 Ra1+ 33. Kh2 Nh5 34. Qe3 Ra5 35.
Re2 Kf8 36. Ne5 f6 37. Nd3 f5 38. Nxc5 Qf6 39. Nxb7 Ra1 40. Nc5 Qd6 41. Ne6+
Kg8 42. Nxg7 Nxg7 43. Qxe7 Qb8 44. Bd4 1-0

[Event "37. Copenhagen Open (Politiken Cup)"]
[Site "Elsinore"]
[Date "2015.07.25"]
[Round "1"]
[White "Moe, Mogens"]
[Black "Vatnestrom, Leo Andreas Giske"]
[Result "1-0"]
[WhiteElo "2070"]
[BlackElo "1628"]
[PlyCount "97"]
[EventDate "2015.07.25"]
[EventType "swiss"]
[EventRounds "10"]
[EventCountry "DEN"]
[Source "ChessBase"]
[SourceDate "2015.09.14"]

1. e4 e6 2. d4 d5 3. Nd2 Nf6 4. e5 Nfd7 5. Bd3 c5 6. c3 Nc6 7. Ne2 cxd4 8. cxd4
f6 9. exf6 Nxf6 10. O-O Bd6 11. Nf3 Qc7 12. Re1 O-O 13. Ng3 Bd7 14. Bd2 Rae8
15. Rc1 Qb8 16. Bc3 Ng4 17. Bxh7+ Kxh7 18. Ng5+ Kg8 19. Qxg4 Bf4 20. Qh5 Bxg5
21. Qxg5 Rf7 22. Nh5 Ree7 23. Qg3 Qf8 24. Qe3 g6 25. Ng3 Rf4 26. Ne2 Rf5 27. f4
Rh5 28. Ng3 Rh4 29. Bd2 Reh7 30. h3 Qf6 31. Ne2 Qf5 32. Rc3 a6 33. Rf1 Kf8 34.
g4 Qf6 35. Rf3 Ke7 36. Be1 Rh8 37. Bxh4 Qxh4 38. f5 gxf5 39. Rxf5 Kd6 40. Qf4+
Ke7 41. Qg5+ Qxg5 42. Rxg5 Kf6 43. Rh5 Rxh5 44. gxh5 Kg5 45. Rg3+ Kxh5 46. Rg7
Nb8 47. Kf2 Kh6 48. Re7 Kg6 49. Ke3 1-0

[Event "37. Copenhagen Open (Politiken Cup)"]
[Site "Elsinore"]
[Date "2015.07.25"]
[Round "1"]
[White "Molin, Claus"]
[Black "Schjolin, John"]
[Result "1-0"]
[WhiteElo "1990"]
[BlackElo "1276"]
[PlyCount "59"]
[EventDate "2015.07.25"]
[EventType "swiss"]
[EventRounds "10"]
[EventCountry "DEN"]
[Source "ChessBase"]
[SourceDate "2015.09.14"]

1. Nf3 c5 2. c4 Nf6 3. Nc3 Nc6 4. g3 d6 5. Bg2 h6 6. O-O b6 7. d4 Nxd4 8. Nxd4
Rb8 9. Nc6 Qc7 10. Nb5 Qb7 11. Nxb8 Qxb8 12. Qa4 Bd7 13. Qxa7 Qxa7 14. Nxa7 e5
15. Nb5 e4 16. a4 d5 17. Nc7+ Kd8 18. Nxd5 Bc6 19. Nxb6 Kc7 20. a5 Kb7 21. Rd1
Be7 22. Nd5 Re8 23. Bf4 Nd7 24. Bxe4 Bf6 25. a6+ Ka7 26. Nxf6 Nxf6 27. Bxc6
Rxe2 28. Rd8 Re7 29. Bd6 Re6 30. Bxc5# 1-0

[Event "37. Copenhagen Open (Politiken Cup)"]
[Site "Elsinore"]
[Date "2015.07.25"]
[Round "1"]
[White "Mott, Jens"]
[Black "Smirin, Ilia"]
[Result "0-1"]
[WhiteElo "1953"]
[BlackElo "2663"]
[PlyCount "74"]
[EventDate "2015.07.25"]
[EventType "swiss"]
[EventRounds "10"]
[EventCountry "DEN"]
[Source "ChessBase"]
[SourceDate "2015.09.14"]

1. e4 c5 2. Nf3 e6 3. d4 cxd4 4. Nxd4 a6 5. Nc3 b5 6. Be3 Bb7 7. f3 Nf6 8. Qd2
b4 9. Nd1 e5 10. Nf5 d5 11. exd5 g6 12. Ng3 Qxd5 13. c4 Qxd2+ 14. Bxd2 Nc6 15.
Bg5 Nd7 16. Ne4 f5 17. Nf6+ Nxf6 18. Bxf6 Rg8 19. Ne3 Kf7 20. Bh4 Nd4 21. O-O-O
Bh6 22. Bf2 Rgd8 23. Kb1 Nxf3 24. Nd5 Nd2+ 25. Ka1 Rac8 26. b3 e4 27. Bd4 Bxd5
28. cxd5 Rxd5 29. Bxa6 Rxd4 30. Bxc8 Bg7 31. Rxd2 Rxd2+ 32. Kb1 e3 33. Bb7 e2
34. Bf3 Rb2+ 35. Kc1 Rxa2 36. g4 fxg4 37. Bxg4 Ra1+ 0-1